| 000 | 00881nam a22001337a 4500 | ||
|---|---|---|---|
| 040 | _cRUA | ||
| 082 | _aAVM LAK 2010 B093 Or.1 | ||
| 100 | _aLAK, YOUSSEY. | ||
| 245 | _aStudy on growth rate of avian broiler by adding fresh earthworm and cabbage by product on C.P concentrate at the royal university of agriculture, សិក្សាការលូតលាស់របស់មាន់សាច់ពូជAVIANដោយបន្ថែមជន្លេនក្រហម និងអនុផលស្ពៃក្ដោបស្រស់លើចំណីផ្សំក្រុមហ៊ុនស៊ី.ភី សាកលវិទ្យាល័យភូមិន្ទកសិកម្ម | ||
| 260 |
_aPhnom Penh _bRUA _c2010 |
||
| 300 |
_axii; 41p. _bill. _c29cm. |
||
| 856 | _uhttps://drive.google.com/file/d/17BespamoF_lk4PLLbAuAzS1vA9r916NR/view?usp=sharing | ||
| 942 | _cAVM | ||
| 999 |
_c2375 _d2375 |
||